000 00899cam a2200277 a 4500
001 000010083
003 OSt
005 20200929161832.0
008 760303s1971 ve 000 f spa
040 _aDO-SdBNP
_bspa
_cBNPHU
049 _aEn proceso
082 _aA862.44
_bG422a
100 1 _aGhiano, Juan Carlos,
_d1920-1990.
_925063
245 1 0 _aActos del miedo :
_bteatro /
_cJuan Carlos Ghiano.
260 _aCaracas :
_bMonte Ávila,
_c1971.
300 _a243 p. ;
_c18 cm.
490 1 _aContinente ;
505 0 _tLos desmemoriados --
_tLos refugiados --
_tLos sirvientes --
_tLos protegidos --
_tLos extraviados --
_tLos devoradores --
_tLos testigos /
590 _aInventariado, 2020/ YL
650 4 _aTeatro argentino
_94843
650 4 _aLiteratura argentina
_ySIGLO XX
_914711
830 0 _aContinente.
_95070
910 _aEn proceso
942 _2ddc
_cLF1
956 _aYLOCKWARD
999 _c9842
_d9842